[Event "Hamburg St Pauli op-A"]
[Site "Hamburg"]
[Date "2013.07.14"]
[Round "9"]
[White "Kosovs, Ernst"]
[Black "Kjetzae, Johnny"]
[Result "1-0"]
[WhiteElo "1967"]
[BlackElo "2032"]
[PlyCount "25"]
[EventDate "2013.07.06"]
[EventType "swiss"]
[EventRounds "9"]
[EventCountry "GER"]
[SourceTitle "CBM 155 Extra"]
[Source "ChessBase"]
[SourceDate "2013.08.26"]
[SourceVersion "1"]
[SourceVersionDate "2013.08.26"]
[SourceQuality "1"]

1. e4 e5 2. Bc4 Nf6 3. d3 Bc5 4. Nc3 d6 5. f4 Ng4 6. f5 h5 7. Nh3 c6 8. Bg5 Qc7 9. Qd2 b5 10. Bb3 Nd7 11. Nd1 Qb6 12. Bh4 b4 13. Ng5 1-0

[Event "Hamburg St Pauli op-A"]
[Site "Hamburg"]
[Date "2013.07.10"]
[Round "6"]
[White "Kjetzae, Johnny"]
[Black "Martin, Dennis"]
[Result "0-1"]
[WhiteElo "2032"]
[BlackElo "1900"]
[PlyCount "46"]
[EventDate "2013.07.06"]
[EventType "swiss"]
[EventRounds "9"]
[EventCountry "GER"]
[SourceTitle "CBM 155 Extra"]
[Source "ChessBase"]
[SourceDate "2013.08.26"]
[SourceVersion "1"]
[SourceVersionDate "2013.08.26"]
[SourceQuality "1"]

1. Nf3 d5 2. d4 c5 3. e3 Nc6 4. b3 Bg4 5. Bb2 Nf6 6. Be2 Qc7 7. Nbd2 cxd4 8. exd4 e6 9. 0-0 Be7 10. Rc1 0-0 11. c4 Rfd8 12. cxd5 Bxf3 13. Nxf3 Nxd5 14. Ne5 Bg5 15. Rc4 Bf4 16. Nxc6 Bxh2+ 17. Kh1 bxc6 18. g3 Bxg3 19. fxg3 Qxg3 20. Bc1 Ne3 21. Bxe3 Qh3+ 22. Kg1 Qxe3+ 23. Kg2 Rd5 0-1

[Event "Bad Harzburg op 13th"]
[Site "Bad Harzburg"]
[Date "2012.11.03"]
[Round "8"]
[White "Kardoeus, David"]
[Black "Kjetzae, Johnny"]
[Result "1-0"]
[WhiteElo "1886"]
[BlackElo "2062"]
[PlyCount "61"]
[EventDate "2012.10.30"]
[EventType "swiss"]
[EventRounds "8"]
[EventCountry "GER"]
[SourceTitle "EXT 2014"]
[Source "ChessBase"]
[SourceDate "2013.11.20"]
[SourceVersion "1"]
[SourceVersionDate "2013.11.20"]
[SourceQuality "1"]

1. e4 c5 2. c4 Nc6 3. Ne2 g6 4. d4 cxd4 5. Nxd4 Bg7 6. Be3 Nf6 7. Nc3 0-0 8. Be2 d6 9. f3 Bd7 10. Qd2 Nxd4 11. Bxd4 a5 12. b3 Bc6 13. 0-0 Nd7 14. Bxg7 Kxg7 15. f4 Qb6+ 16. Kh1 Rad8 17. Bf3 Kg8 18. Rab1 Qb4 19. Rbd1 Rfe8 20. Nd5 Qxd2 21. Rxd2 Rc8 22. Bg4 Rb8 23. Bxd7 Bxd7 24. e5 Bc6 25. exd6 Bxd5 26. d7 Bxg2+ 27. Kxg2 Red8 28. c5 e6 29. a3 Kf8 30. b4 Ke7 31. Rfd1 1-0

[Event "Bad Harzburg op 13th"]
[Site "Bad Harzburg"]
[Date "2012.11.03"]
[Round "7.19"]
[White "Phunhon Lopez, Daniel Alejandro"]
[Black "Kjetzae, Johnny"]
[Result "0-1"]
[WhiteElo "1716"]
[BlackElo "2062"]
[PlyCount "70"]
[EventDate "2012.10.30"]
[EventType "swiss"]
[EventRounds "8"]
[EventCountry "GER"]
[SourceTitle "EXT 2022"]
[Source "ChessBase"]
[SourceDate "2021.10.06"]
[SourceVersion "1"]
[SourceVersionDate "2021.10.06"]
[SourceQuality "1"]

1. e4 e5 2. Nc3 Nf6 3. Bc4 Bc5 4. d3 c6 5. f4 d6 6. h3 0-0 7. Nf3 b5 8. Bb3 Nh5 9. fxe5 dxe5 10. Bg5 Be7 11. Bxe7 Qxe7 12. Qd2 Nd7 13. 0-0-0 Nc5 14. g4 Nf6 15. Kb1 Bb7 16. Rdg1 Rad8 17. Nh4 Nfxe4 18. Nxe4 Nxe4 19. Qe3 Qxh4 20. Qxe4 Qe7 21. Re1 c5 22. Qe3 Bxh1 23. Rxh1 Qd6 24. a3 Qd4 25. Qf3 c4 26. dxc4 bxc4 27. Ba2 Rb8 28. b4 e4 29. Qe2 a5 30. Bxc4 axb4 31. axb4 Rxb4+ 32. Bb3 Ra8 33. c3 Rxb3+ 34. Kc2 Qxc3+ 35. Kd1 Ra1# 0-1

[Event "Hamburg-ch int 10th"]
[Site "Hamburg"]
[Date "2007.06.03"]
[Round "9"]
[White "Fraas, Henning"]
[Black "Kjetzae, Johnny"]
[Result "0-1"]
[WhiteElo "2158"]
[BlackElo "2100"]
[PlyCount "74"]
[EventDate "2007.05.26"]
[EventType "swiss"]
[EventRounds "9"]
[EventCountry "GER"]
[SourceTitle "CBM 118 Extra"]
[Source "ChessBase"]
[SourceDate "2007.07.04"]
[SourceVersion "1"]
[SourceVersionDate "2007.07.04"]
[SourceQuality "1"]

1. d4 Nf6 2. Bg5 d5 3. Bxf6 exf6 4. e3 Be6 5. Bd3 c6 6. c3 Qd7 7. Qc2 Bd6 8. Nd2 Na6 9. b4 Nc7 10. a4 b6 11. Nb3 h6 12. Ne2 0-0 13. Ng3 Rfe8 14. 0-0 g6 15. Nd2 f5 16. Nf3 Qe7 17. Rab1 Qf6 18. c4 dxc4 19. Bxc4 Nd5 20. b5 cxb5 21. Bxb5 Rec8 22. Qd3 Nb4 23. Qd1 Bd5 24. Ne5 Na2 25. Nd7 Qe6 26. Qd2 Nc3 27. e4 fxe4 28. Rbe1 Nxb5 29. Qxh6 Qxd7 30. axb5 Bf8 31. Qg5 Bg7 32. h4 Qd8 33. Qg4 Be6 34. Qxe4 Qxd4 35. Qf3 Qxh4 36. Re4 Qf6 37. Rf4 Qc3 0-1

[Event "Hamburg-ch int 10th"]
[Site "Hamburg"]
[Date "2007.06.02"]
[Round "8"]
[White "Kjetzae, Johnny"]
[Black "Atri, Jamshid"]
[Result "1-0"]
[WhiteElo "2100"]
[BlackElo "2077"]
[PlyCount "79"]
[EventDate "2007.05.26"]
[EventType "swiss"]
[EventRounds "9"]
[EventCountry "GER"]
[SourceTitle "CBM 118 Extra"]
[Source "ChessBase"]
[SourceDate "2007.07.04"]
[SourceVersion "1"]
[SourceVersionDate "2007.07.04"]
[SourceQuality "1"]

1. e4 e5 2. Nf3 Nc6 3. Nc3 Nf6 4. d4 exd4 5. Nd5 Be7 6. Bf4 d6 7. Nxd4 0-0 8. Nb5 Nxd5 9. exd5 Bg5 10. Bxg5 Qxg5 11. Qd2 Qe7+ 12. Be2 a6 13. Nc3 Ne5 14. 0-0-0 Rd8 15. h3 c5 16. Qe3 Qc7 17. f4 Ng6 18. h4 Nf8 19. h5 Bd7 20. h6 Re8 21. Qf3 b5 22. hxg7 Kxg7 23. Ne4 b4 24. f5 Rxe4 25. Qxe4 Re8 26. Qf4 Kh8 27. Bd3 f6 28. Rde1 Re5 29. Rxe5 dxe5 30. Qh6 Qd6 31. g4 Qe7 32. d6 Qg7 33. Qxg7+ Kxg7 34. Bc4 Bc6 35. Re1 a5 36. Be6 Kh6 37. Kd2 Kg5 38. Ke3 Bd7 39. Bxd7 Nxd7 40. Rh1 1-0

[Event "Hamburg-ch int 10th"]
[Site "Hamburg"]
[Date "2007.06.01"]
[Round "7"]
[White "Rosmann, Ilja"]
[Black "Kjetzae, Johnny"]
[Result "1-0"]
[WhiteElo "2242"]
[BlackElo "2100"]
[PlyCount "63"]
[EventDate "2007.05.26"]
[EventType "swiss"]
[EventRounds "9"]
[EventCountry "GER"]
[SourceTitle "CBM 118 Extra"]
[Source "ChessBase"]
[SourceDate "2007.07.04"]
[SourceVersion "1"]
[SourceVersionDate "2007.07.04"]
[SourceQuality "1"]

1. e4 c5 2. Nf3 d6 3. Bb5+ Bd7 4. Bxd7+ Qxd7 5. 0-0 Nc6 6. c3 Nf6 7. Re1 e6 8. d4 cxd4 9. cxd4 d5 10. e5 Ne4 11. Nbd2 Nxd2 12. Bxd2 Be7 13. Be3 0-0 14. Nd2 Rac8 15. Qg4 f5 16. exf6 Bxf6 17. Nb3 b6 18. Bd2 a5 19. Bc3 Rce8 20. Re2 Re7 21. Rae1 Rfe8 22. Nc1 Qd6 23. Nd3 h5 24. Qxh5 Bxd4 25. Bxd4 Nxd4 26. Re5 Nc6 27. Rg5 Rf8 28. Re3 Nb4 29. Rh3 Nxd3 30. Qh7+ Kf7 31. Qg6+ Kg8 32. Rgh5 1-0

[Event "Hamburg-ch int 10th"]
[Site "Hamburg"]
[Date "2007.05.30"]
[Round "5"]
[White "Kjetzae, Johnny"]
[Black "Maahs, Erich"]
[Result "1/2-1/2"]
[WhiteElo "2100"]
[BlackElo "2193"]
[PlyCount "117"]
[EventDate "2007.05.26"]
[EventType "swiss"]
[EventRounds "9"]
[EventCountry "GER"]
[SourceTitle "CBM 118 Extra"]
[Source "ChessBase"]
[SourceDate "2007.07.04"]
[SourceVersion "1"]
[SourceVersionDate "2007.07.04"]
[SourceQuality "1"]

1. e4 e5 2. Nf3 Nf6 3. Nxe5 d6 4. Nf3 Nxe4 5. d4 Be7 6. Bd3 Ng5 7. Nxg5 Bxg5 8. Qe2+ Be6 9. f4 Bh4+ 10. g3 Be7 11. Nc3 Qd7 12. Be4 d5 13. Bf3 Nc6 14. Be3 g6 15. 0-0-0 0-0-0 16. g4 f6 17. Rhe1 Rhe8 18. h3 Na5 19. Bd2 Bb4 20. Qb5 Qxb5 21. Nxb5 Bxd2+ 22. Rxd2 c6 23. Rde2 Kd7 24. Na3 b5 25. c3 Bf7 26. Nc2 Rxe2 27. Rxe2 Re8 28. Rxe8 Bxe8 29. b3 Bf7 30. Kd2 Nb7 31. Nb4 a5 32. Nd3 Be6 33. h4 Kd6 34. b4 axb4 35. cxb4 Ke7 36. Nc5 Nd6 37. Be2 Nf7 38. g5 Bf5 39. a4 bxa4 40. Nxa4 Nd6 41. Nc3 Be4 42. Bg4 Bg2 43. gxf6+ Kxf6 44. Bd7 Nf5 45. Bxc6 Ke6 46. Be8 Nxd4 47. h5 gxh5 48. Bxh5 Kd6 49. Bf7 Nc6 50. b5 Nd8 51. Be8 d4 52. Ne2 Kc5 53. f5 Bd5 54. Nf4 Bf7 55. Bxf7 Nxf7 56. Ne6+ Kxb5 57. Nxd4+ Kc4 58. Ke3 Kd5 59. Nf3 1/2-1/2

[Event "Hamburg-ch int 10th"]
[Site "Hamburg"]
[Date "2007.05.27"]
[Round "2"]
[White "Mueller, Joerg"]
[Black "Kjetzae, Johnny"]
[Result "1-0"]
[WhiteElo "2118"]
[BlackElo "2100"]
[PlyCount "95"]
[EventDate "2007.05.26"]
[EventType "swiss"]
[EventRounds "9"]
[EventCountry "GER"]
[SourceTitle "CBM 118 Extra"]
[Source "ChessBase"]
[SourceDate "2007.07.04"]
[SourceVersion "1"]
[SourceVersionDate "2007.07.04"]
[SourceQuality "1"]

1. e4 c5 2. Nf3 e6 3. c3 d5 4. e5 d4 5. cxd4 cxd4 6. Qa4+ Nc6 7. Bb5 Bd7 8. 0-0 Bc5 9. d3 a6 10. Qc2 Ba7 11. Bc4 Nge7 12. Bf4 Rc8 13. Qe2 0-0 14. a3 Ng6 15. Bg3 Bb8 16. Nbd2 Kh8 17. Rfe1 f6 18. exf6 gxf6 19. Qd1 Nge5 20. Nxe5 Nxe5 21. Qh5 b5 22. Bxe5 fxe5 23. Bb3 Qf6 24. Ne4 Qf5 25. Qh4 Qf4 26. Qg3 a5 27. a4 bxa4 28. Bxa4 Bxa4 29. Rxa4 Rc1 30. Ra1 Rxe1+ 31. Rxe1 Rc8 32. Qg5 Qxg5 33. Nxg5 Rc2 34. g3 Kg7 35. Ra1 h6 36. Ne4 Bc7 37. Rb1 h5 38. Kf1 Kg6 39. Ke1 Bd8 40. Kd1 Rc6 41. Ra1 h4 42. Rc1 Rb6 43. Rc8 Be7 44. Kc2 hxg3 45. hxg3 Bb4 46. g4 Rb7 47. Rc6 Re7 48. Rb6 1-0

[Event "Hamburg-ch int 10th"]
[Site "Hamburg"]
[Date "2007.05.26"]
[Round "1"]
[White "Kjetzae, Johnny"]
[Black "Bach, Matthias"]
[Result "1/2-1/2"]
[WhiteElo "2100"]
[BlackElo "2364"]
[PlyCount "80"]
[EventDate "2007.05.26"]
[EventType "swiss"]
[EventRounds "9"]
[EventCountry "GER"]
[SourceTitle "CBM 118 Extra"]
[Source "ChessBase"]
[SourceDate "2007.07.04"]
[SourceVersion "1"]
[SourceVersionDate "2007.07.04"]
[SourceQuality "1"]

1. e4 c5 2. Nf3 Nf6 3. Nc3 d5 4. exd5 Nxd5 5. Ne5 Qd6 6. d4 cxd4 7. Qxd4 Nb4 8. Qe4 f5 9. Qe2 N8c6 10. Nxc6 bxc6 11. a3 Ba6 12. Qd1 Qe6+ 13. Be3 Rd8 14. Qxd8+ Kxd8 15. 0-0-0+ Kc8 16. axb4 Bxf1 17. Rhxf1 g6 18. Bxa7 Bh6+ 19. Kb1 Rd8 20. Bb6 Rd2 21. Rxd2 Bxd2 22. Rd1 Bxc3 23. bxc3 Qe5 24. g3 Kb7 25. Bc5 Kc7 26. Kb2 h5 27. Ra1 Kb8 28. Ra6 Qe4 29. Ra7 e5 30. Re7 Qd5 31. c4 Qxc4 32. Rxe5 h4 33. Re8+ Kc7 34. Rh8 hxg3 35. hxg3 Kd7 36. Rh7+ Ke6 37. Rg7 Kf6 38. Rd7 Qe4 39. Rd6+ Kf7 40. Rd7+ Kf6 1/2-1/2

[Event "Hamburg Koenigsspringer Elo op 5th"]
[Site "Hamburg"]
[Date "2007.05.19"]
[Round "6"]
[White "Kjetzae, Johnny"]
[Black "Becker Bertau, Friedrich"]
[Result "0-1"]
[WhiteElo "2100"]
[BlackElo "1954"]
[PlyCount "55"]
[EventDate "2007.05.17"]
[EventType "swiss"]
[EventRounds "7"]
[EventCountry "GER"]
[SourceTitle "EXT 2009"]
[Source "ChessBase"]
[SourceDate "2008.11.26"]
[SourceVersion "1"]
[SourceVersionDate "2008.11.26"]
[SourceQuality "1"]

1. e4 e5 2. Nf3 Nc6 3. Bb5 a6 4. Ba4 Nf6 5. 0-0 b5 6. Bb3 Be7 7. Re1 0-0 8. a4 Bb7 9. a5 Nd4 10. Nxd4 exd4 11. d3 d6 12. c3 dxc3 13. bxc3 c5 14. Nd2 d5 15. e5 Ne8 16. d4 cxd4 17. cxd4 Bb4 18. Re3 g6 19. Bc2 Rc8 20. Nb3 Ng7 21. Bd2 Be7 22. Bd3 f5 23. exf6 Bxf6 24. Bb4 Rf7 25. g3 Rc4 26. Qe1 Rxd4 27. Nxd4 Bxd4 28. Bc3 0-1

[Event "Hamburg Koenigsspringer Elo op 5th"]
[Site "Hamburg"]
[Date "2007.05.17"]
[Round "1"]
[White "Martirosyan, Tigran"]
[Black "Kjetzae, Johnny"]
[Result "0-1"]
[WhiteElo "1870"]
[BlackElo "2100"]
[PlyCount "136"]
[EventDate "2007.05.17"]
[EventType "swiss"]
[EventRounds "7"]
[EventCountry "GER"]
[SourceTitle "EXT 2009"]
[Source "ChessBase"]
[SourceDate "2008.11.26"]
[SourceVersion "1"]
[SourceVersionDate "2008.11.26"]
[SourceQuality "1"]

1. d4 Nf6 2. c4 g6 3. Nc3 Bg7 4. e4 d6 5. Be2 0-0 6. Nf3 e5 7. 0-0 Na6 8. Bg5 h6 9. Be3 Qe8 10. dxe5 dxe5 11. Nd2 Nd7 12. f3 c6 13. Rb1 Ndc5 14. b4 Ne6 15. a3 Nd4 16. Nb3 Be6 17. Qc1 Kh7 18. Nd2 Rd8 19. Rd1 Qe7 20. Bf1 f5 21. c5 Qf7 22. Ne2 Nc7 23. Nxd4 exd4 24. Bf4 fxe4 25. Bxc7 Qxc7 26. Nxe4 Bf5 27. Bd3 Be5 28. Nd6 Bxd6 29. cxd6 Qxd6 30. Qc5 b6 31. Qxd6 Rxd6 32. Rbc1 Kg7 33. Rc4 Be6 34. Rcc1 Rc8 35. Kf2 c5 36. bxc5 Rxc5 37. Ke2 Bb3 38. Re1 Rdc6 39. Kd2 Rxc1 40. Rxc1 Rxc1 41. Kxc1 g5 42. Kd2 Kf6 43. g3 Ke5 44. Ba6 Bd5 45. Be2 Bc6 46. Kc2 a5 47. Kb3 d3 48. Bxd3 Bxf3 49. Kc4 Kd6 50. Kd4 Kc6 51. Ke3 Bh1 52. Kd4 b5 53. h4 gxh4 54. gxh4 Bf3 55. Bf1 Kb6 56. Bd3 b4 57. axb4 axb4 58. Kc4 Ka5 59. Kb3 Bd5+ 60. Kb2 Kb6 61. Bc2 Kc5 62. Kc1 Kd4 63. Kd2 Ba2 64. Bg6 Bd5 65. Bc2 b3 66. Bb1 Be4 67. Kc1 Bxb1 68. Kxb1 Ke4 0-1

[Event "Hamburg Junge op"]
[Site "Hamburg"]
[Date "2005.10.07"]
[Round "5"]
[White "Kjetzae, Johnny"]
[Black "Schwerdtfeger, Wolfgang"]
[Result "1-0"]
[WhiteElo "2092"]
[BlackElo "1888"]
[PlyCount "73"]
[EventDate "2005.10.01"]
[EventType "swiss"]
[EventRounds "9"]
[EventCountry "GER"]
[SourceTitle "CBM 108 Extra"]
[Source "ChessBase"]
[SourceDate "2005.11.04"]
[SourceVersion "1"]
[SourceVersionDate "2005.11.04"]
[SourceQuality "1"]

1. e4 c5 2. Nf3 d6 3. d4 cxd4 4. Nxd4 Nf6 5. Nc3 e5 6. Bb5+ Bd7 7. Bxd7+ Qxd7 8. Nb3 h6 9. 0-0 Be7 10. f4 0-0 11. h3 Na6 12. fxe5 dxe5 13. Qxd7 Nxd7 14. Nd5 Bd8 15. Be3 Nf6 16. Nxf6+ Bxf6 17. Bxh6 Rfc8 18. c3 Rc4 19. Nd2 Rc6 20. Be3 b6 21. Kf2 Be7 22. Rad1 Rg6 23. Kg1 Nc5 24. Nf3 Re6 25. Bxc5 Bxc5+ 26. Kh2 a5 27. g3 Re7 28. Ne1 Ree8 29. Nc2 Bf8 30. Rd7 f6 31. Ne3 Bc5 32. Nf5 Bf8 33. g4 g6 34. Ne3 Bh6 35. Nd5 Bf4+ 36. Kg2 Re6 37. Ne7+ 1-0

[Event "Budapest FS03 FM-A"]
[Site "Budapest"]
[Date "2005.03.13"]
[Round "9"]
[White "Kjetzae, Johnny"]
[Black "Havaskori, Laszlo"]
[Result "1-0"]
[WhiteElo "2112"]
[BlackElo "2091"]
[PlyCount "63"]
[EventDate "2005.03.05"]
[EventType "tourn"]
[EventRounds "13"]
[EventCountry "HUN"]
[SourceTitle "CBM 105 Extra"]
[Source "ChessBase"]
[SourceDate "2005.05.01"]
[SourceVersion "1"]
[SourceVersionDate "2005.05.01"]
[SourceQuality "1"]

1. e4 c5 2. Nf3 d6 3. d4 cxd4 4. Nxd4 Nf6 5. Nc3 a6 6. f3 e5 7. Nb3 Be6 8. Be3 Be7 9. Qd2 0-0 10. 0-0-0 Nc6 11. Nd5 Bxd5 12. exd5 Nb8 13. g4 Nbd7 14. g5 Nh5 15. Rg1 g6 16. Kb1 a5 17. a4 b6 18. Rg4 Nc5 19. Nxc5 bxc5 20. Bxc5 f5 21. Rg1 Bxg5 22. Qxg5 Qxg5 23. Rxg5 dxc5 24. Re1 Kg7 25. Rg2 Nf4 26. Rd2 Rad8 27. d6 Rf6 28. Rxe5 Rdxd6 29. Rxd6 Rxd6 30. Kc1 Rf6 31. Rxc5 g5 32. Kd2 1-0

[Event "Budapest FS03 FM"]
[Site "Budapest"]
[Date "2004.03.11"]
[Round "6"]
[White "Zilahi, Gabor"]
[Black "Kjetzae, Johnny"]
[Result "0-1"]
[WhiteElo "2005"]
[BlackElo "2099"]
[PlyCount "58"]
[EventDate "2004.03.06"]
[EventType "tourn"]
[EventRounds "13"]
[EventCountry "HUN"]
[SourceTitle "CBM 099 Extra"]
[Source "ChessBase"]
[SourceDate "2004.05.04"]
[SourceVersion "1"]
[SourceVersionDate "2004.05.04"]
[SourceQuality "1"]

1. Nf3 g6 2. d4 Bg7 3. c4 d6 4. Nc3 Nf6 5. h3 0-0 6. e4 e5 7. dxe5 dxe5 8. Qc2 c6 9. Be3 Qe7 10. Be2 Nbd7 11. Rb1 Nh5 12. g3 Nc5 13. b4 Ne6 14. Qc1 Nd4 15. c5 a5 16. a3 axb4 17. axb4 f5 18. Ng5 f4 19. Bxd4 exd4 20. h4 dxc3 21. g4 Nf6 22. f3 h6 23. Bc4+ Kh8 24. Nh3 Nxe4 25. Qc2 Nd2+ 26. Be2 Nxf3+ 27. Kf1 Nd4 28. Qd3 Qxe2+ 29. Qxe2 Nxe2 0-1

[Event "Budapest FS05 FM"]
[Site "Budapest"]
[Date "2003.??.??"]
[Round "12"]
[White "Frank, Jozsef"]
[Black "Kjetzae, Johnny"]
[Result "1/2-1/2"]
[WhiteElo "1995"]
[BlackElo "2125"]
[PlyCount "64"]
[EventDate "2003.05.03"]
[EventType "tourn"]
[EventRounds "13"]
[EventCountry "HUN"]
[SourceTitle "CBM 094 Extra"]
[Source "ChessBase"]
[SourceDate "2003.07.09"]
[SourceVersion "2"]
[SourceVersionDate "2003.07.09"]
[SourceQuality "1"]

1. d4 Nf6 2. Nf3 g6 3. g3 Bg7 4. Bg2 0-0 5. 0-0 d6 6. c3 Nbd7 7. Bg5 Re8 8. Nbd2 h6 9. Bxf6 Bxf6 10. Ne4 Bg7 11. Qb3 e5 12. dxe5 dxe5 13. Rad1 Qe7 14. e3 Kh7 15. Qc4 f5 16. Ned2 e4 17. Nd4 Ne5 18. Qb3 c5 19. Ne2 Be6 20. Qa3 b6 21. Nf4 Bf7 22. c4 Nxc4 23. Nxc4 Bxc4 24. Rfe1 g5 25. Nd5 Qf7 26. Nc3 Rad8 27. Bf1 Bxf1 28. Rxf1 Bxc3 29. Qxc3 a5 30. a3 a4 31. Rd2 Qg7 32. Qc2 Rxd2 1/2-1/2

[Event "Budapest FS05 FM"]
[Site "Budapest"]
[Date "2003.??.??"]
[Round "11"]
[White "Kjetzae, Johnny"]
[Black "Harmatosi, Jozsef"]
[Result "0-1"]
[WhiteElo "2125"]
[BlackElo "2210"]
[PlyCount "62"]
[EventDate "2003.05.03"]
[EventType "tourn"]
[EventRounds "13"]
[EventCountry "HUN"]
[SourceTitle "CBM 094 Extra"]
[Source "ChessBase"]
[SourceDate "2003.07.09"]
[SourceVersion "2"]
[SourceVersionDate "2003.07.09"]
[SourceQuality "1"]

1. Nf3 d5 2. d4 Nf6 3. c4 c6 4. Nc3 e6 5. e3 Nbd7 6. Qc2 Bd6 7. Bd3 0-0 8. 0-0 dxc4 9. Bxc4 e5 10. Rd1 Qe7 11. h3 e4 12. Nd2 Re8 13. a4 Nb6 14. Bf1 Nbd5 15. Nc4 Nb4 16. Qb1 Bc7 17. g3 Nfd5 18. Bg2 f5 19. Nd2 h5 20. h4 Nxe3 21. fxe3 Bxg3 22. Nf1 Qxh4 23. Nxg3 Qxg3 24. Ne2 Qg4 25. Kf2 f4 26. exf4 e3+ 27. Bxe3 Rxe3 28. Kxe3 Bf5 29. Kf2 Bxb1 30. Raxb1 Re8 31. Bf3 Qf5 0-1

[Event "Travemuende op 19th"]
[Site "Travemuende"]
[Date "2002.12.29"]
[Round "6"]
[White "Kjetzae, Johnny"]
[Black "Hermesmann, Hans"]
[Result "0-1"]
[WhiteElo "2115"]
[BlackElo "2287"]
[PlyCount "40"]
[EventDate "2002.12.21"]
[EventType "swiss"]
[EventRounds "7"]
[EventCountry "GER"]
[SourceTitle "EXT 2004"]
[Source "ChessBase"]
[SourceDate "2003.11.25"]
[SourceVersion "1"]
[SourceVersionDate "2003.11.25"]
[SourceQuality "1"]

1. e4 c5 2. Nf3 d6 3. d4 cxd4 4. Nxd4 Nf6 5. Nc3 Nc6 6. Bg5 Qb6 7. Nb3 e6 8. Qd2 a6 9. 0-0-0 Be7 10. f4 Qc7 11. Kb1 Rb8 12. f5 0-0 13. g4 Rd8 14. Bf4 b5 15. g5 b4 16. Nb5 axb5 17. gxf6 Bxf6 18. Bh3 Ra8 19. Qe3 Ne5 20. fxe6 Nc4 0-1

[Event "Hamburg HSK Elo op 3rd"]
[Site "Hamburg"]
[Date "2002.05.12"]
[Round "7"]
[White "Hawellek, Jeronimo"]
[Black "Kjetzae, Johnny"]
[Result "1-0"]
[WhiteElo "2185"]
[BlackElo "2111"]
[PlyCount "47"]
[EventDate "2002.05.09"]
[EventType "swiss"]
[EventRounds "7"]
[EventCountry "GER"]
[SourceTitle "CBM 088 Extra"]
[Source "ChessBase"]
[SourceDate "2002.07.01"]
[SourceVersion "2"]
[SourceVersionDate "2002.07.01"]
[SourceQuality "1"]

1. d4 Nf6 2. c4 g6 3. Nc3 Bg7 4. e4 d6 5. h3 0-0 6. Bg5 c5 7. d5 e6 8. Bd3 exd5 9. cxd5 Re8 10. Nf3 Na6 11. 0-0 Nc7 12. Nd2 Rb8 13. a4 a6 14. a5 Bd7 15. Qb3 h6 16. Bf4 Bb5 17. Nxb5 axb5 18. Bxb5 Nxb5 19. Qxb5 Nxe4 20. Rfe1 f5 21. Nxe4 fxe4 22. Re2 Qf6 23. Bg3 Bf8 24. Qb6 1-0

[Event "Hamburg HSK Elo op 3rd"]
[Site "Hamburg"]
[Date "2002.05.10"]
[Round "3"]
[White "Kjetzae, Johnny"]
[Black "Voigt, Martin"]
[Result "0-1"]
[WhiteElo "2111"]
[BlackElo "2298"]
[PlyCount "50"]
[EventDate "2002.05.09"]
[EventType "swiss"]
[EventRounds "7"]
[EventCountry "GER"]
[SourceTitle "CBM 088 Extra"]
[Source "ChessBase"]
[SourceDate "2002.07.01"]
[SourceVersion "2"]
[SourceVersionDate "2002.07.01"]
[SourceQuality "1"]

1. d4 Nf6 2. c4 c5 3. d5 e6 4. Nc3 exd5 5. cxd5 d6 6. e4 g6 7. f3 Bg7 8. Bg5 0-0 9. Qd2 a6 10. a4 Nbd7 11. Nh3 h6 12. Be3 Ne5 13. Nf2 Kh7 14. Be2 Rb8 15. 0-0 g5 16. Rfb1 a5 17. Kh1 Ng6 18. g3 Nh5 19. Rg1 b6 20. Rg2 Rg8 21. Rag1 Qf6 22. Nfd1 Bh3 23. Rf2 Nhf4 24. Bb5 Bc8 25. Ne2 Nh3 0-1

[Event "Hamburg HSK Elo op 3rd"]
[Site "Hamburg"]
[Date "2002.05.09"]
[Round "1"]
[White "Sarakauskas, Gediminas"]
[Black "Kjetzae, Johnny"]
[Result "0-1"]
[WhiteElo "2388"]
[BlackElo "2111"]
[PlyCount "68"]
[EventDate "2002.05.09"]
[EventType "swiss"]
[EventRounds "7"]
[EventCountry "GER"]
[SourceTitle "CBM 088 Extra"]
[Source "ChessBase"]
[SourceDate "2002.07.01"]
[SourceVersion "2"]
[SourceVersionDate "2002.07.01"]
[SourceQuality "1"]

1. Nf3 c5 2. c4 e6 3. g3 Nf6 4. Bg2 d5 5. 0-0 Nc6 6. d4 dxc4 7. Qa4 Bd7 8. Qxc4 Qb6 9. dxc5 Bxc5 10. Nc3 Qb4 11. Qd3 Rd8 12. a3 Qg4 13. Bf4 a6 14. b4 Be7 15. e4 h5 16. Ng5 h4 17. f3 Qh5 18. g4 Qg6 19. Qe2 e5 20. Be3 Nxg4 21. Nxf7 Nxe3 22. Nxh8 Qh6 23. Nd5 Nxf1 24. f4 Bd6 25. Rxf1 Qxh8 26. f5 Ne7 27. Qg4 Qh6 28. Nb6 Bc7 29. Nxd7 Rxd7 30. f6 gxf6 31. Bh3 Qg5 32. Qxg5 fxg5 33. Bxd7+ Kxd7 34. Rf5 Nxf5 0-1